000
00284nam a22001337a 4500
020
_a
1-8464-6116-2
082
_a
823
_b
KIR/B
100
_a
KIRK, DAVID
245
_a
BASKETBERRY BLUES
260
_a
LONDON
_b
LADY BIRD
300
_a
32
650
_a
ENGLISH SHORT STORY
_z
UK
942
_c
BK
999
_c
2641
_d
2641